00505 2200205 4500001002100000008004100021035002000062245007000082100001300152250000600165260003200171300001200203084001400215082000800229650001400237990001200251990001200263990001200275990001200287INLIS000000000000444 ind  a0010-0424000420 aEnsiklopedia Bahasa Inggris : Writing Descriptive TextscDjatmika aDjatmika a1 aBandung :bPakar Rayac2013 a116 hlm a420 DJA e a420 aNon Fiksi a0722580 a0722581 a0722582 a0722583